TV Char-actor Mash Up! Quiz Stats

 Plays Quiz Updated Feb 3, 2015

Challenge
Share
Tweet
Embed
Score 0/34 Timer 10:00
2 Plays Today
Char-actor Show % Correct
Joey LeBlancFriends
99%
Neil StinsonHow I Met Your Mother
89.8%
Sheldon ParsonsThe Big Bang Theory
86.6%
Malcolm MunizMalcolm in the Middle
83%
Henry FonzarelliHappy Days
80%
Kiefer Bauer24
78.9%
Gloria VergaraModern Family
78.3%
George AlexanderSeinfeld
78%
Sam DansonCheers
74.6%
Alan CryerTwo and a Half Men
68%
Michael BatemanArrested Development
59.7%
Tom AnsariParks and Recreation
58.4%
John HalpertThe Office
56.7%
Doug JamesThe King of Queens
54.6%
Carmela FalcoThe Sopranos
54.1%
Aaron PinkmanBreaking Bad
53%
Charlotte DavisSex and the City
51%
Char-actor Show % Correct
Elliot ChalkeScrubs
49.5%
Bea ZbornakThe Golden Girls
49.3%
Blair MeesterGossip Girl
46.6%
Loretta HoulihanM*A*S*H
45.5%
Jenna Krakowski30 Rock
42.1%
Ethel VanceI Love Lucy
42%
Robert GarrettEverybody Loves Raymond
41.1%
Lou AsnerThe Mary Tyler Moore Show
39.9%
Kate LillyLost
38.4%
Sean StarkGame of Thrones
35.9%
Rick LincolnThe Walking Dead
34.9%
Omar ForemanHouse, M.D.
32%
Alison EdisonCommunity
22.2%
Kaley Hennessy8 Simple Rules
20.6%
Lincoln PurcellPrison Break
15.8%
Laura VauseOrange is the New Black
14.8%
Vincent CampbellMad Men
13.5%

You're not logged in!

Compare scores with friends on all Sporcle quizzes.
Join for Free
OR
Log In

You Might Also Like...

Show Comments

Extras

Top Quizzes Today


Score Distribution

Your Account Isn't Verified!

In order to create a playlist on Sporcle, you need to verify the email address you used during registration. Go to your Sporcle Settings to finish the process.

Report this User

Report this user for behavior that violates our Community Guidelines.

Details: